In Between The Sea And The Land : Reimagining The Coastal Edge Of Surat City (Record no. 362049)

MARC details
000 -LEADER
fixed length control field 00329nam a2200097Ia 4500
008 - FIXED-LENGTH DATA ELEMENTS--GENERAL INFORMATION
fixed length control field 241105s9999 xx 000 0 und d
041 ## - LANGUAGE CODE
Language code of text/sound track or separate title eng
100 ## - MAIN ENTRY--PERSONAL NAME
Personal name Supariwala Rushika
9 (RLIN) 184206
245 ## - TITLE STATEMENT
Title In Between The Sea And The Land : Reimagining The Coastal Edge Of Surat City
260 ## - PUBLICATION, DISTRIBUTION, ETC. (IMPRINT)
Name of publisher, distributor, etc. BNCA M Arch Landscape Architecture, Pune
Date of publication, distribution, etc. 2021

No items available.